000 00464pab a2200169 454500
008 180718b2012 xxu||||| |||| 00| 0 eng d
100 _aHassan, A.F.M. Kamrul
245 _aIs there any link between commodity price and monetary policy? Evidence from Australia
260 _c2012
300 _ap.441-455.
362 _aJan
650 _aMonetary policy
700 _aSalim, Ruhul A.
773 _aIndian Journal of Economics
908 _aN
909 _a97010
999 _c97010
_d97010